00638nam a2200193 i 4500001000300000100003300003245010000036260002100136700002300157700002100180040000800201041000800209080001500217942000700232008004100239999001700280856009800297952004900395bg1 aBADOWSKA-OLENDEREK, Krystyna 0aLaboratorium podstaw chemii analitycznej /cK. Badowska-Olenderek, J. Czyżewski, J. Naumczyk. aWarszawa,c1983.1 aCZYŻEWSKI, Jerzy1 aNAUMCZYK, Jeremi cBPK apol a543(075.8) cKS s pl f |000 0 pol  c22157d22157 uhttp://koha.tu.koszalin.pl/cgi-bin/koha/opac-detail.pl?biblionumber=22157yKatalog online BPK 00104070aBPKbBPKcwo31116p01045598yKS